000 00642nam a22001697a 4500
003 MACL
005 20160203171517.0
008 160203b xxu||||| |||| 00| 0 eng d
040 _cMACL
041 _aHindi
082 _a92/DHA
100 _aडॉ बी आर धमेन्‍द्र
_936772
245 _aभारत के दुर्धर्ष क्रान्तिकारी
260 _aनई दिल्‍ली
_bश्री ज्‍वालाजी बुक्‍स एजुकेशनल इण्‍टरप्राइजिज
_c2014
650 _aजीवनियॉ
_936773
942 _2ddc
_cHIN
999 _c53165
_d53165